|
|
|
|
| LEADER |
00882nam a22002171u 4500 |
| 001 |
10043568 |
| 003 |
upatras |
| 005 |
20230522165303.0 |
| 008 |
020327s1979 gr gre |
| 952 |
|
|
|0 0
|1 0
|2 ddc
|4 0
|6 889_360000000000000_ΒΡΕ
|7 0
|9 207158
|a LISP
|b LISP
|c BSC
|d 2016-11-08
|i 093592
|l 0
|o 889.36 ΒΡΕ
|p 025000151534
|r 2016-11-08 00:00:00
|t 1
|w 2016-11-08
|y BK15
|
| 999 |
|
|
|c 125954
|d 125954
|
| 040 |
|
|
|a GR-PaULI
|c GR-PaULI
|b gre
|
| 082 |
0 |
4 |
|a 889.36
|
| 100 |
|
|
|a Βρεττάκος, Νικηφόρος,
|d 1912-1991
|e συγγραφέας
|9 5908
|
| 245 |
1 |
2 |
|a Μαρτυρίες μιας κρίσιμης εποχής /
|c Νικηφόρου Βρεττάκου
|
| 260 |
|
|
|a Αθήνα :
|b Κάκτος,
|c 1979
|
| 300 |
|
|
|a 242 σ. :
|c 21 εκ.
|
| 500 |
|
|
|a
|
| 760 |
0 |
|
|a Γράμματα - Επιστήμαι - Τέχναι
|g 14, 15
|
| 942 |
|
|
|2 ddc
|c BK15
|
| 998 |
|
|
|c ΜΠΟΥΡΑΣ
|d 2016-11
|